LEADER 03875nam 22005295 450 001 9910154750703321 005 20190708092533.0 010 $a9781400882014 010 $a140088201X 024 7 $a10.1515/9781400882014 035 $a(CKB)3710000000622805 035 $a(MiAaPQ)EBC4738645 035 $a(DE-B1597)468025 035 $a(OCoLC)979911332 035 $a(DE-B1597)9781400882014 035 $a(Perlego)736206 035 $a(iGPub)PUPB0005385 035 $a(EXLCZ)993710000000622805 100 $a20190708d2016 fg 101 0 $aeng 135 $aurcnu|||||||| 181 $2rdacontent 182 $2rdamedia 183 $2rdacarrier 200 00$aAdvances in Game Theory. (AM-52), Volume 52 /$fMelvin Dresher, Albert William Tucker, Lloyd S. Shapley 210 1$aPrinceton, NJ : $cPrinceton University Press, $d[2016] 210 4$d©1964 215 $a1 online resource (693 pages) $cillustrations 225 0 $aAnnals of Mathematics Studies ;$v302 311 08$a9780691079028 311 08$a0691079021 320 $aIncludes bibliographical references. 327 $tFrontmatter -- $tPreface / $rDresher, M. / Shapley, L. S. / Tucker, A. W. -- $tContents -- $t1. Some Topics in Two-Person Games / $rShapley, L. S. -- $t2. Games With a Random Move / $rRestrepo, Rodrigo A. -- $t3. A Search Game / $rJohnson, Selmer M. -- $t4. The Rendezvous Value of a Metric Space / $rGross, O. -- $t5. Generalized Gross Substitutability and Extremization / $rNikaidò, Hukukane -- $t6. Adaptive Competitive Decision / $rRosenfeld, Jack L. -- $t7. Infinite Games of Perfect Information / $rDavis, Morton -- $t8. Continuous Games of Perfect Information / $rMycielski, Jan -- $t9. A Theory of Pursuit and Evasion / $rRyll-Nardzewski, C. -- $t10. A Variational Approach to Differential Games / $rBerkovitz, Leonard D. -- $t11. A Differential Game Without Pure Strategy Solutions on an Open Set / $rBerkovitz, Leonard D. -- $t12. The Convergence Problem for Differential Games, II / $rFleming, Wendell H. -- $t13. Markov Games / $rZachrisson, Lars Erik -- $t14. Homogeneous Games, III / $rIsbell, J. R. -- $t15. Solutions of Compound Simple Games / $rShapley, L. S. -- $t16. The Tensor Composition of Nonnegative Games / $rOwen, Guillermo -- $t17. On the Cardinality of Solutions of Four-Person Constant- Sum Games / $rGalmarino, Alberto Raul -- $t18. The Doubly Discriminatory Solutions of the Four-Person Constant-Sum Game / $rHebert, Michael H. -- $t19. Three-Person Cooperative Games Without Side Payments / $rStearns, R. E. -- $t20. Some Thoughts on the Theory of Cooperative Games / $rJentzsch, Gerd -- $t21. The Bargaining Set for Cooperative Games / $rAumann, Robert J. / Maschler, Michael -- $t22. Stable Payoff Configurations for Quota Games / $rMaschler, Michael -- $t23. On the Bargaining Set M0 of m-Quota Games / $rPeleg, Bezalel -- $t24. A Property of Stability Possessed by Certain Imputations / $rRadstrom, Hans -- $t25. Coalition Bargaining in n-Person Games / $rNering, Evar D. -- $t26. The n-Person Bargaining Game / $rMiyasawa, Koichi -- $t27. Valuation of n-Person Games / $rSelten, Reinhard -- $t28. Mixed and Behavior Strategies in Infinite Extensive Games / $rAumann, Robert J . -- $t29. A General Solution for Finite Noncooperative Games Based on Risk-Dominance / $rHarsanyi, John C. 330 $aThe description for this book, Advances in Game Theory. (AM-52), Volume 52, will be forthcoming. 410 0$aAnnals of mathematics studies ;$vNumber 52. 606 $aGame theory 615 0$aGame theory. 676 $a512.8 702 $aDresher$b Melvin, 702 $aShapley$b Lloyd S., 702 $aTucker$b Albert William, 801 0$bDE-B1597 801 1$bDE-B1597 906 $aBOOK 912 $a9910154750703321 996 $aAdvances in Game Theory. (AM-52), Volume 52$92788317 997 $aUNINA